Hành vi tiêu dùng của người Nhật Bản trong xã hội thông tin /

שמור ב:
מידע ביבליוגרפי
מחבר ראשי: Phan Cao Nhật Anh.
מחברים אחרים: Trần Nguyệt Minh Thu.
פורמט: Bài viết
שפה:Vietnamese
נושאים:
תגים: הוספת תג
אין תגיות, היה/י הראשונ/ה לתייג את הרשומה!
Thư viện lưu trữ: Thư viện Trường Đại học Đà Lạt
LEADER 00934nam a2200313 4500
001 DLU210195694
005 ##20210125
040 # # |a DLU  |b vie 
041 # # |a vie 
044 # # |a vn 
100 # # |a Phan Cao Nhật Anh. 
245 # # |a Hành vi tiêu dùng của người Nhật Bản trong xã hội thông tin /  |c Phan Cao Nhật Anh, Trần Nguyệt Minh Thu. 
653 # # |a Biến đổi xã hội 
653 # # |a Internet 
653 # # |a Thông tin 
653 # # |a Tiêu dùng  
653 # # |a Truyền thông xã hội 
700 # # |a Trần Nguyệt Minh Thu. 
773 # # |t Nghiên cứu Đông Bắc Á  |g Số 5(219), 2019, tr. 42-48 
920 # # |a Phòng Tạp chí -- Trung tâm Thông tin - Thư viện Trường Đại học Đà Lạt 
933 # # |a LS 
994 # # |a DLU 
900 # # |a True 
911 # # |a Hoàng Thị Huyền 
925 # # |a G 
926 # # |a A 
927 # # |a BB 
980 # # |a Thư viện Trường Đại học Đà Lạt